[Event "I Open Blau Escacs Calvia 2015 "]
[Site "Calvià ESP"]
[Date "2015.04.13"]
[Round "3.3"]
[White "Nilsen, Joachim Birger"]
[Black "Rhein, Klaus"]
[Result "1/2-1/2"]
[WhiteElo "2405"]
[BlackElo "2208"]
[PlyCount "95"]
[EventDate "2015.04.11"]
[EventType "swiss"]
[EventRounds "9"]
[EventCountry "ESP"]
[Source "lmi"]
[SourceDate "2015.04.11"]

1. c4 f5 2. g3 Nf6 3. Bg2 d6 4. Nc3 e5 5. d3 Be7 6. e4 Nc6 7. Nge2 O-O 8. O-O
Qe8 9. f3 Bd8 10. Be3 Ne7 11. Qb3 Kh8 12. Rad1 c6 13. Bf2 g5 14. exf5 Nxf5 15.
Rfe1 Qf7 16. d4 Bb6 17. c5 Qxb3 18. axb3 Bc7 19. Ne4 Nxe4 20. fxe4 Nxd4 21.
Nxd4 exd4 22. Bxd4+ Kg8 23. Bf1 Be6 24. Bc4 Bxc4 25. bxc4 dxc5 26. Bxc5 Bb6 27.
Bxb6 axb6 28. e5 Rad8 29. Rd6 Rfe8 30. Red1 Rxd6 31. exd6 Kf7 32. b4 Rd8 33. c5
Ke6 34. Kf2 bxc5 35. bxc5 b6 36. cxb6 Kd7 37. Kf3 Rb8 38. Kg4 h6 39. Kh5 Rxb6
40. Kxh6 Rb2 41. h4 gxh4 42. gxh4 Rg2 43. h5 c5 44. Kh7 c4 45. Rc1 Rg4 46. Rd1
Rg2 47. h6 c3 48. Kh8 1/2-1/2

[Event "I Open Blau Escacs Calvia 2015 "]
[Site "Calvià ESP"]
[Date "2015.04.13"]
[Round "3.4"]
[White "Martins, David Pires Tavares"]
[Black "Ponce Cano, Adrian"]
[Result "1-0"]
[WhiteElo "2293"]
[BlackElo "2200"]
[PlyCount "59"]
[EventDate "2015.04.11"]
[EventType "swiss"]
[EventRounds "9"]
[EventCountry "ESP"]
[Source "lmi"]
[SourceDate "2015.04.11"]

1. c4 f5 2. g3 Nf6 3. Bg2 g6 4. Nc3 Bg7 5. d4 d6 6. Nf3 O-O 7. d5 c6 8. Nd4 Bd7
9. O-O Qc8 10. Bf4 Na6 11. Qd2 Ng4 12. Rac1 Ne5 13. b3 Qe8 14. Nf3 Nf7 15. Rfe1
e5 16. dxe6 Bxe6 17. e4 Qd7 18. Nd4 Nc7 19. Nd5 cxd5 20. exd5 Bxd5 21. cxd5
Rfe8 22. Ne6 Nxe6 23. dxe6 Rxe6 24. Rxe6 Qxe6 25. Rc7 Rf8 26. Bd5 Qf6 27. Bxd6
Qd8 28. Bxf7+ Rxf7 29. Qd5 Qe8 30. Re7 1-0

[Event "I Open Blau Escacs Calvia 2015 "]
[Site "Calvià ESP"]
[Date "2015.04.13"]
[Round "3.5"]
[White "Seba, Kamel"]
[Black "Dadello, Aleksandra"]
[Result "1-0"]
[WhiteElo "2266"]
[BlackElo "1986"]
[PlyCount "71"]
[EventDate "2015.04.11"]
[EventType "swiss"]
[EventRounds "9"]
[EventCountry "ESP"]
[Source "lmi"]
[SourceDate "2015.04.11"]

1. d4 d5 2. c4 e6 3. Nc3 Nf6 4. Bg5 Be7 5. Nf3 O-O 6. e3 b6 7. cxd5 exd5 8. Bd3
Re8 9. Ne5 h6 10. Bh4 Bb7 11. Qf3 Nbd7 12. Nxd7 Qxd7 13. O-O Ne4 14. Bxe7 Rxe7
15. Qh5 Rc8 16. Rad1 Qe6 17. Ne2 c5 18. Nf4 Qd6 19. dxc5 Qxc5 20. Qg4 Nf6 21.
Qf5 Rec7 22. Qe5 Re8 23. Qd4 Ne4 24. Bb1 Qxd4 25. Rxd4 Rc4 26. Rfd1 Rxd4 27.
Rxd4 Rc8 28. Rd1 g5 29. Ne2 Ba6 30. Nd4 Nd6 31. h3 Kg7 32. Kh2 Kf6 33. g4 Nc4
34. Bd3 Rc7 35. Rc1 Rd7 36. b3 1-0

[Event "I Open Blau Escacs Calvia 2015 "]
[Site "Calvià ESP"]
[Date "2015.04.13"]
[Round "3.6"]
[White "Crespi Lopez, Joan"]
[Black "Tate, Emory"]
[Result "1/2-1/2"]
[WhiteElo "1980"]
[BlackElo "2256"]
[PlyCount "104"]
[EventDate "2015.04.11"]
[EventType "swiss"]
[EventRounds "9"]
[EventCountry "ESP"]
[Source "lmi"]
[SourceDate "2015.04.11"]

1. d4 e6 2. c4 b6 3. Nc3 Bb4 4. Qc2 f5 5. a3 Bxc3+ 6. Qxc3 Nf6 7. f3 O-O 8. Bg5
c5 9. e3 Nc6 10. d5 exd5 11. Bxf6 Qxf6 12. cxd5 Ne5 13. h4 Bb7 14. Rd1 Rae8 15.
Ne2 Qf7 16. Nf4 Ng6 17. Nxg6 Qxg6 18. Kf2 d6 19. h5 Qh6 20. Bb5 Re7 21. f4 a6
22. Be2 b5 23. g4 fxg4 24. Bxg4 Rfe8 25. Rh3 Bc8 26. Rg1 Bxg4 27. Rxg4 Rf8 28.
Rhg3 Qf6 29. Qxf6 Rxf6 30. e4 Rxe4 31. Rxg7+ Kf8 32. Rxh7 Rfxf4+ 33. Kg2 Rg4
34. Kf3 Rxg3+ 35. Kxe4 Rg5 36. h6 Re5+ 37. Kf4 Rxd5 38. Ra7 Kg8 39. Rxa6 Rd2
40. Kg5 Rg2+ 41. Kf5 d5 42. b3 c4 43. bxc4 bxc4 44. Ke5 c3 45. Kxd5 c2 46. Rc6
Rg5+ 47. Kd4 Ra5 48. Rxc2 Rxa3 49. Rh2 Kh7 50. Ke5 Ra6 51. Kf5 Rxh6 52. Rxh6+
Kxh6 1/2-1/2

[Event "I Open Blau Escacs Calvia 2015 "]
[Site "Calvià ESP"]
[Date "2015.04.13"]
[Round "3.7"]
[White "Altschuler, Jason"]
[Black "Eggleston, David J"]
[Result "1-0"]
[WhiteElo "2089"]
[BlackElo "2424"]
[PlyCount "117"]
[EventDate "2015.04.11"]
[EventType "swiss"]
[EventRounds "9"]
[EventCountry "ESP"]
[Source "lmi"]
[SourceDate "2015.04.11"]

1. e4 c5 2. Nf3 d6 3. d4 Nf6 4. Nc3 cxd4 5. Nxd4 a6 6. Be2 e5 7. Nb3 Be7 8. Be3
Be6 9. Nd5 Nbd7 10. Qd3 O-O 11. O-O Rc8 12. c4 b5 13. cxb5 axb5 14. Rfd1 Bxd5
15. exd5 b4 16. Bf3 Re8 17. Rdc1 Bf8 18. Nd2 Nc5 19. Bxc5 dxc5 20. a3 bxa3 21.
bxa3 g6 22. Rab1 Bh6 23. Rd1 c4 24. Qc2 c3 25. Ne4 Nxe4 26. Bxe4 Bd2 27. Rb7
Qd6 28. Qb3 Rb8 29. Rb1 Rxb7 30. Qxb7 Qxa3 31. Qd7 Rf8 32. d6 Qc5 33. Qc7 Qd4
34. Bc2 e4 35. d7 e3 36. fxe3 Qxe3+ 37. Kh1 Bc1 38. h3 Qd2 39. Rb8 Qe1+ 40. Kh2
Bg5 41. Rxf8+ Kxf8 42. d8=Q+ Bxd8 43. Qxd8+ Kg7 44. Qd4+ f6 45. Qd7+ Kh6 46.
Qd6 Qd2 47. Qxd2+ cxd2 48. Kg3 f5 49. Kf4 Kg7 50. Ke3 h5 51. h4 g5 52. hxg5 Kg6
53. Kf4 h4 54. Bxf5+ Kh5 55. Bg4+ Kg6 56. Bd1 Kg7 57. Kf5 Kg8 58. Bb3+ Kg7 59.
Kg4 1-0

[Event "I Open Blau Escacs Calvia 2015 "]
[Site "Calvià ESP"]
[Date "2015.04.13"]
[Round "3.8"]
[White "Gavrish, Leonid"]
[Black "Tattersall Rodriguez, Lester"]
[Result "0-1"]
[WhiteElo "2157"]
[BlackElo "2284"]
[PlyCount "72"]
[EventDate "2015.04.11"]
[EventType "swiss"]
[EventRounds "9"]
[EventCountry "ESP"]
[Source "lmi"]
[SourceDate "2015.04.11"]

1. d4 Nf6 2. c4 e6 3. Nc3 Bb4 4. e3 b6 5. Nge2 Bb7 6. a3 Be7 7. d5 O-O 8. g3
exd5 9. Bg2 Qc8 10. cxd5 c5 11. O-O d6 12. e4 Nbd7 13. h3 Re8 14. g4 g6 15. Ng3
Nf8 16. f4 N6d7 17. g5 a6 18. a4 c4 19. Be3 Nc5 20. f5 Nfd7 21. h4 Ne5 22. Bh3
Qc7 23. h5 Bc8 24. Rf2 Bd7 25. hxg6 fxg6 26. Qf1 Rf8 27. f6 Bd8 28. Bd4 Bxh3
29. Qxh3 Ned3 30. Rh2 Nb3 31. f7+ Rxf7 32. Nf5 Bxg5 33. Qg4 Nxd4 34. Nxd4 Be3+
35. Kh1 Bxd4 36. Ne2 Nf2+ 0-1

[Event "I Open Blau Escacs Calvia 2015 "]
[Site "Calvià ESP"]
[Date "2015.04.13"]
[Round "3.9"]
[White "Kernazhitsky, Leonid"]
[Black "Terradas Calafell, Jaume"]
[Result "1-0"]
[WhiteElo "2278"]
[BlackElo "1721"]
[PlyCount "79"]
[EventDate "2015.04.11"]
[EventType "swiss"]
[EventRounds "9"]
[EventCountry "ESP"]
[Source "lmi"]
[SourceDate "2015.04.11"]

1. e4 e6 2. d4 d5 3. e5 c5 4. c3 Qb6 5. Nf3 Nc6 6. a3 c4 7. g3 Bd7 8. Bg2 Nge7
9. Nbd2 Na5 10. O-O Nf5 11. g4 Ne7 12. Ne1 g5 13. f4 gxf4 14. Rxf4 Bh6 15. Rf6
Bg7 16. Rf2 Ng6 17. Rb1 Rf8 18. Ndf3 h6 19. h4 O-O-O 20. h5 Nh8 21. Bf4 f6 22.
exf6 Rxf6 23. Be5 Rf7 24. Bxg7 Rxg7 25. Ne5 Nc6 26. N1f3 Rdg8 27. Nxc6 Bxc6 28.
Ne5 Be8 29. b3 cxb3 30. Rxb3 Qc7 31. Qf1 b6 32. Rf8 Qd6 33. Rxg8 Rxg8 34. c4
Rf8 35. Qc1 Kd8 36. cxd5 exd5 37. Rc3 Bd7 38. Nc6+ Ke8 39. Qe3+ Qe6 40. Bxd5
1-0

[Event "I Open Blau Escacs Calvia 2015 "]
[Site "Calvià ESP"]
[Date "2015.04.13"]
[Round "3.10"]
[White "Planas Gene, Juan"]
[Black "Segura Ariza, Jose Luis"]
[Result "0-1"]
[WhiteElo "2062"]
[BlackElo "2197"]
[PlyCount "68"]
[EventDate "2015.04.11"]
[EventType "swiss"]
[EventRounds "9"]
[EventCountry "ESP"]
[Source "lmi"]
[SourceDate "2015.04.11"]

1. d4 d5 2. c4 e6 3. Nc3 c6 4. Nf3 f5 5. Bf4 Nf6 6. g3 Be7 7. Bg2 O-O 8. O-O
Ne4 9. Qc2 Bd7 10. Ne5 Be8 11. Rad1 g5 12. Bc1 Nd6 13. b3 Nd7 14. f3 Nxe5 15.
dxe5 Nf7 16. e4 fxe4 17. fxe4 d4 18. Bh3 Nxe5 19. Bxe6+ Kg7 20. Rxf8 Bxf8 21.
Qf2 Bh5 22. Ne2 c5 23. Rf1 Bg6 24. Bd5 Rc8 25. Bb2 Bd6 26. h4 Qe7 27. Ba1 h6
28. hxg5 hxg5 29. Kg2 Ng4 30. Qf3 Ne5 31. Qf2 Rh8 32. Ng1 Ng4 33. Qe1 Rh2+ 34.
Kf3 Qf6+ 0-1

[Event "I Open Blau Escacs Calvia 2015 "]
[Site "Calvià ESP"]
[Date "2015.04.13"]
[Round "3.11"]
[White "Boix Pons, Catalina"]
[Black "Galiana Salom, Juan Ramon"]
[Result "0-1"]
[WhiteElo "1914"]
[BlackElo "2241"]
[PlyCount "70"]
[EventDate "2015.04.11"]
[EventType "swiss"]
[EventRounds "9"]
[EventCountry "ESP"]
[Source "lmi"]
[SourceDate "2015.04.11"]

1. d4 f5 2. Nf3 c6 3. c4 g6 4. Nc3 Bg7 5. e3 d6 6. Be2 Nh6 7. O-O Nf7 8. e4 O-O
9. exf5 Bxf5 10. Bd3 Bg4 11. Be2 Nd7 12. Be3 Nf6 13. h3 Bd7 14. Qd2 Qc7 15. d5
e5 16. dxe6 Bxe6 17. Nd4 Bd7 18. f4 Rae8 19. f5 g5 20. Rad1 h6 21. Kh1 Re5 22.
Bg1 Qc8 23. Bh2 Re7 24. Nb3 Bxf5 25. Bxd6 Nxd6 26. Qxd6 Rfe8 27. Bd3 Bxd3 28.
Rxd3 Rd7 29. Qg3 Nh5 30. Qf3 Rxd3 31. Qxd3 Qc7 32. Qg6 Ng3+ 33. Kg1 Qe5 34. Rf7
Rf8 35. Rxf8+ Kxf8 0-1

[Event "I Open Blau Escacs Calvia 2015 "]
[Site "Calvià ESP"]
[Date "2015.04.13"]
[Round "3.12"]
[White "Adrian, Claude"]
[Black "Galiana Moll, Ramon Aron"]
[Result "0-1"]
[WhiteElo "2197"]
[BlackElo "1944"]
[PlyCount "48"]
[EventDate "2015.04.11"]
[EventType "swiss"]
[EventRounds "9"]
[EventCountry "ESP"]
[Source "lmi"]
[SourceDate "2015.04.11"]

1. c4 e5 2. g3 Nf6 3. Bg2 d5 4. cxd5 Nxd5 5. Nf3 Nc6 6. O-O Be7 7. d4 e4 8. Ne5
f5 9. Nxc6 bxc6 10. Qc2 Qd7 11. Nc3 Bb7 12. Nxd5 cxd5 13. Bf4 O-O 14. Rfc1 Rac8
15. b4 Bf6 16. Qc5 Ba6 17. e3 Bc4 18. Bf1 Bxf1 19. Kxf1 g5 20. Be5 Bxe5 21.
dxe5 f4 22. gxf4 Qh3+ 23. Ke2 gxf4 24. exf4 Rf7 0-1

[Event "I Open Blau Escacs Calvia 2015 "]
[Site "Calvià ESP"]
[Date "2015.04.13"]
[Round "3.13"]
[White "Cemborain Oricain, Alfonso"]
[Black "Lasinskas, Povilas"]
[Result "0-1"]
[WhiteElo "1892"]
[BlackElo "2193"]
[PlyCount "22"]
[EventDate "2015.04.11"]
[EventType "swiss"]
[EventRounds "9"]
[EventCountry "ESP"]
[Source "lmi"]
[SourceDate "2015.04.11"]

1. e4 e5 2. Nf3 Nc6 3. Nc3 g6 4. Bc4 Bg7 5. a3 d6 6. d3 Be6 7. Nd5 Nce7 8. Ng5
Bxd5 9. exd5 Nf6 10. Bb5+ c6 11. dxc6 Qa5+ 0-1

[Event "I Open Blau Escacs Calvia 2015 "]
[Site "Calvià ESP"]
[Date "2015.04.13"]
[Round "3.14"]
[White "Perez Prieto, German"]
[Black "Queirolo Perez, Manuel"]
[Result "0-1"]
[WhiteElo "1833"]
[BlackElo "2113"]
[PlyCount "70"]
[EventDate "2015.04.11"]
[EventType "swiss"]
[EventRounds "9"]
[EventCountry "ESP"]
[Source "lmi"]
[SourceDate "2015.04.11"]

1. Nf3 c5 2. d4 cxd4 3. Nxd4 g6 4. e4 Bg7 5. Nc3 Nc6 6. Be3 a6 7. Be2 d6 8. O-O
Bd7 9. f4 Nf6 10. Nxc6 Bxc6 11. Bf3 Qa5 12. e5 dxe5 13. Bxc6+ bxc6 14. Qf3 O-O
15. fxe5 Qxe5 16. Rae1 Qc7 17. Bc5 Rfe8 18. Ne4 Qe5 19. b4 Qb2 20. a3 Rad8 21.
c3 Qa2 22. Nxf6+ Bxf6 23. Qxc6 Bxc3 24. Rxe7 Rxe7 25. Bxe7 Bd4+ 26. Kh1 Qe2 27.
Rc1 Qxe7 28. Qxa6 Qh4 29. Qc4 Qh5 30. Rf1 Rd5 31. h3 Qe5 32. Rd1 Rd6 33. Rf1
Rf6 34. Rd1 Bb6 35. Qd5 Rf1+ 0-1

[Event "I Open Blau Escacs Calvia 2015 "]
[Site "Calvià ESP"]
[Date "2015.04.13"]
[Round "3.15"]
[White "Vicens Company, Maria Antonia"]
[Black "Abrahams, Daniel"]
[Result "0-1"]
[WhiteElo "1744"]
[BlackElo "2058"]
[PlyCount "64"]
[EventDate "2015.04.11"]
[EventType "swiss"]
[EventRounds "9"]
[EventCountry "ESP"]
[Source "lmi"]
[SourceDate "2015.04.11"]

1. d4 Nf6 2. c4 e6 3. Nc3 Bb4 4. Qb3 c5 5. dxc5 Nc6 6. Nf3 Ne4 7. e3 Nxc3 8.
bxc3 Bxc5 9. Ba3 Bxa3 10. Qxa3 b6 11. Be2 Qe7 12. Qxe7+ Kxe7 13. Nd4 Bb7 14.
O-O Rhc8 15. Rfd1 Nxd4 16. cxd4 Ba6 17. Rac1 d5 18. Rc3 Bxc4 19. Rdc1 b5 20.
Bxc4 Rxc4 21. Rxc4 dxc4 22. Kf1 Rc8 23. Ke2 b4 24. Kd2 Kd6 25. Kc2 Kc6 26. a3
a5 27. a4 f5 28. f3 Kd5 29. Rd1 c3 30. Kd3 c2 31. e4+ fxe4+ 32. fxe4+ Kd6 0-1

[Event "I Open Blau Escacs Calvia 2015 "]
[Site "Calvià ESP"]
[Date "2015.04.13"]
[Round "3.16"]
[White "Orcera Gomez, Francisco"]
[Black "Asensio Ramos, Enrique Fernand"]
[Result "0-1"]
[WhiteElo "1723"]
[BlackElo "2045"]
[PlyCount "106"]
[EventDate "2015.04.11"]
[EventType "swiss"]
[EventRounds "9"]
[EventCountry "ESP"]
[Source "lmi"]
[SourceDate "2015.04.11"]

1. Nc3 d5 2. d4 Nf6 3. Bf4 Bf5 4. Nf3 e6 5. e3 Bb4 6. Bd3 Ne4 7. Bxe4 dxe4 8.
Nd2 c5 9. Nb5 Na6 10. Nd6+ Ke7 11. c3 Ba5 12. Nxb7 Qb6 13. Nxc5 Nxc5 14. dxc5
Qxb2 15. Bd6+ Kf6 16. Nxe4+ Kg6 17. O-O h5 18. Ng3 Bc2 19. Qf3 Bxc3 20. Ne4 Be5
21. Bxe5 Qxe5 22. Nd6 f6 23. Qg3+ Qxg3 24. hxg3 Ba4 25. Rfc1 Bc6 26. Rab1 h4
27. gxh4 Rxh4 28. f3 Ra4 29. Rb2 Ra6 30. Rc3 Rh8 31. a3 Rh5 32. g4 Rh3 33. e4
Ra4 34. Kg2 Rh8 35. Rb4 Ra5 36. Kg3 Rh1 37. Kg2 Ra1 38. Rbb3 Ra4 39. Nc4 Kg5
40. Kg3 e5 41. Rb8 Rg1+ 42. Kf2 Rd1 43. Ke2 Rd4 44. Nd6 Kf4 45. Rc8 Ra6 46. Rg8
Rda4 47. Rxg7 Rxa3 48. Rxa3 Rxa3 49. Rf7 Ra2+ 50. Kd3 Ra3+ 51. Kc4 Kxf3 52.
Rxf6+ Kxg4 53. Nb5 Ra4+ 0-1

[Event "I Open Blau Escacs Calvia 2015 "]
[Site "Calvià ESP"]
[Date "2015.04.13"]
[Round "3.17"]
[White "Navarrete Terrasa, Sebastian"]
[Black "Gimenez Garcia, Emilio"]
[Result "1/2-1/2"]
[WhiteElo "2015"]
[BlackElo "1913"]
[PlyCount "46"]
[EventDate "2015.04.11"]
[EventType "swiss"]
[EventRounds "9"]
[EventCountry "ESP"]
[Source "lmi"]
[SourceDate "2015.04.11"]

1. d4 d5 2. c4 e6 3. Nc3 Nf6 4. cxd5 exd5 5. Bg5 Be7 6. Qc2 c6 7. e3 h6 8. Bh4
O-O 9. Bd3 Be6 10. Nge2 Na6 11. a3 Rc8 12. b4 Nc7 13. O-O Nce8 14. Nf4 Bd7 15.
Bg3 Nd6 16. f3 g5 17. Nfe2 Nh5 18. Be5 f6 19. Bh7+ Kh8 20. Bxd6 Bxd6 21. Qg6
Qe7 22. Qxh5 Kxh7 23. e4 Be8 1/2-1/2

[Event "I Open Blau Escacs Calvia 2015 "]
[Site "Calvià ESP"]
[Date "2015.04.13"]
[Round "3.18"]
[White "Scholl, Alois"]
[Black "Ruiz Viñals, Matias"]
[Result "0-1"]
[WhiteElo "1700"]
[BlackElo "2009"]
[PlyCount "70"]
[EventDate "2015.04.11"]
[EventType "swiss"]
[EventRounds "9"]
[EventCountry "ESP"]
[Source "lmi"]
[SourceDate "2015.04.11"]

1. Nf3 d5 2. b3 Nf6 3. Bb2 Bg4 4. e3 e6 5. Bb5+ c6 6. Be2 Bd6 7. d3 Qc7 8. Nbd2
Nbd7 9. h3 Bxf3 10. Nxf3 Qa5+ 11. Qd2 Bb4 12. c3 Bd6 13. O-O O-O 14. a4 Rfe8
15. b4 Qd8 16. Nh2 e5 17. Rad1 e4 18. d4 Bc7 19. Qe1 Nf8 20. c4 Qd6 21. g3 Ng6
22. c5 Qd7 23. Kg2 h6 24. Rb1 Nh7 25. h4 Ngf8 26. Bc1 g5 27. h5 f5 28. b5 Ne6
29. g4 f4 30. Kh3 f3 31. bxc6 bxc6 32. Ba6 Rab8 33. Bd2 Bxh2 34. Kxh2 Nc7 35.
Bb7 Qxg4 0-1

[Event "I Open Blau Escacs Calvia 2015 "]
[Site "Calvià ESP"]
[Date "2015.04.13"]
[Round "3.19"]
[White "Paterson, Andrew I"]
[Black "Kopylov, Daniel"]
[Result "1-0"]
[WhiteElo "1986"]
[BlackElo "1813"]
[PlyCount "29"]
[EventDate "2015.04.11"]
[EventType "swiss"]
[EventRounds "9"]
[EventCountry "ESP"]
[Source "lmi"]
[SourceDate "2015.04.11"]

1. e4 e6 2. d4 d5 3. Nd2 dxe4 4. Nxe4 Nd7 5. Nf3 Ngf6 6. Nxf6+ Nxf6 7. Bd3 c5
8. Be3 Nd5 9. O-O Be7 10. dxc5 Nxe3 11. fxe3 Qa5 12. Ne5 O-O 13. Bxh7+ Kh8 14.
Qh5 Bg5 15. Ng6+ 1-0

[Event "I Open Blau Escacs Calvia 2015 "]
[Site "Calvià ESP"]
[Date "2015.04.13"]
[Round "3.20"]
[White "Ferrer Agus, Rodrigo"]
[Black "Juan Mas, Santiago"]
[Result "0-1"]
[WhiteElo "1301"]
[BlackElo "1982"]
[PlyCount "74"]
[EventDate "2015.04.11"]
[EventType "swiss"]
[EventRounds "9"]
[EventCountry "ESP"]
[Source "lmi"]
[SourceDate "2015.04.11"]

1. e4 c5 2. Nc3 g6 3. Bc4 Bg7 4. d3 e6 5. a3 Ne7 6. Ba2 Nbc6 7. f4 d5 8. e5 f6
9. exf6 Bxf6 10. Nf3 O-O 11. O-O Kh8 12. Qe1 a6 13. g4 b5 14. g5 Bg7 15. Ne2
Qd6 16. c3 Nf5 17. Nh4 Nxh4 18. Qxh4 Ne7 19. Ng3 e5 20. fxe5 Rxf1+ 21. Nxf1
Bxe5 22. Qe1 Bf5 23. Bb1 Rf8 24. Qh4 d4 25. cxd4 Bxd4+ 26. Be3 Nc6 27. Bxd4+
Nxd4 28. Qh6 Be6 29. Ng3 Qf4 30. Ba2 Qf2+ 31. Kh1 Bxa2 32. Rxa2 Qe1+ 33. Kg2
Rf2+ 34. Kh3 Qe6+ 35. Nf5 Qxf5+ 36. Kg3 Ne2+ 37. Kh4 Rf4# 0-1

[Event "I Open Blau Escacs Calvia 2015 "]
[Site "Calvià ESP"]
[Date "2015.04.13"]
[Round "3.21"]
[White "Lazarte Anello, David Emiliano"]
[Black "Moreno Jimenez, Alejandro"]
[Result "1-0"]
[WhiteElo "1951"]
[BlackElo "1260"]
[PlyCount "29"]
[EventDate "2015.04.11"]
[EventType "swiss"]
[EventRounds "9"]
[EventCountry "ESP"]
[Source "lmi"]
[SourceDate "2015.04.11"]

1. e4 e5 2. Nf3 Nc6 3. d4 exd4 4. Nxd4 Nxd4 5. Qxd4 Nf6 6. Nc3 b6 7. Bg5 Be7 8.
O-O-O Bb7 9. f3 d5 10. exd5 Bxd5 11. Bxf6 Bxf6 12. Qxd5 Qxd5 13. Nxd5 Bg5+ 14.
f4 Bd8 15. Bb5+ 1-0

[Event "I Open Blau Escacs Calvia 2015 "]
[Site "Calvià ESP"]
[Date "2015.04.13"]
[Round "3.22"]
[White "Abrines Sampol, Lorenzo"]
[Black "Llabres Coll, Juan"]
[Result "1/2-1/2"]
[WhiteElo "1711"]
[BlackElo "1656"]
[PlyCount "22"]
[EventDate "2015.04.11"]
[EventType "swiss"]
[EventRounds "9"]
[EventCountry "ESP"]
[Source "lmi"]
[SourceDate "2015.04.11"]

1. e4 g6 2. d4 Bg7 3. c4 d6 4. Nf3 Bg4 5. Be2 Nd7 6. h3 Bxf3 7. Bxf3 e5 8. d5
Ne7 9. O-O O-O 10. Nc3 a6 11. Rb1 c5 1/2-1/2

[Event "I Open Blau Escacs Calvia 2015 "]
[Site "Calvià ESP"]
[Date "2015.04.13"]
[Round "3.23"]
[White "Lewandowski, Richard"]
[Black "Carranza Pons, Ricardo Nelson"]
[Result "0-1"]
[WhiteElo "1497"]
[BlackElo "1782"]
[PlyCount "50"]
[EventDate "2015.04.11"]
[EventType "swiss"]
[EventRounds "9"]
[EventCountry "ESP"]
[Source "lmi"]
[SourceDate "2015.04.11"]

1. d4 d5 2. c4 e5 3. dxe5 d4 4. Bd2 Nc6 5. Nf3 Bg4 6. Bf4 Qd7 7. a3 O-O-O 8.
Nbd2 h6 9. h3 Be6 10. b4 g5 11. Bg3 g4 12. hxg4 Bxg4 13. Rc1 h5 14. Qb3 Bh6 15.
Rd1 Nge7 16. Bh4 Rde8 17. Ne4 Qf5 18. Nf6 Rd8 19. Nxg4 hxg4 20. Nd2 Qxe5 21.
Qd3 Rd7 22. Bg3 Qe6 23. Qe4 Bxd2+ 24. Rxd2 Qxe4 25. Rxh8+ Nd8 0-1

[Event "I Open Blau Escacs Calvia 2015 "]
[Site "Calvià ESP"]
[Date "2015.04.13"]
[Round "3.26"]
[White "Dadello, Andrzej"]
[Black "Pons Escanellas, Antonio M"]
[Result "1-0"]
[WhiteElo "1801"]
[BlackElo "1376"]
[PlyCount "65"]
[EventDate "2015.04.11"]
[EventType "swiss"]
[EventRounds "9"]
[EventCountry "ESP"]
[Source "lmi"]
[SourceDate "2015.04.11"]

1. c4 g6 2. Nc3 Bg7 3. g3 Nf6 4. Bg2 O-O 5. d4 c6 6. e4 d6 7. f4 e5 8. fxe5
dxe5 9. d5 Qb6 10. Qe2 Ng4 11. h3 Nh6 12. Be3 Qc7 13. Qd2 Nf5 14. exf5 Bxf5 15.
g4 Bd7 16. Nge2 f5 17. gxf5 Bxf5 18. Bh6 Nd7 19. Bxg7 Kxg7 20. Ng3 e4 21. Qd4+
Qe5 22. Qxe5+ Nxe5 23. Bxe4 Bxe4 24. Ngxe4 Nd3+ 25. Ke2 Nxb2 26. Rab1 Nxc4 27.
Rxb7+ Rf7 28. dxc6 Na5 29. Rxf7+ Kxf7 30. c7 Ke6 31. Rc1 Kd7 32. Nb5 Re8 33.
Nbd6 1-0

[Event "I Open Blau Escacs Calvia 2015 "]
[Site "Calvià ESP"]
[Date "2015.04.13"]
[Round "3.27"]
[White "Ferrer Mygina, Juan"]
[Black "Adrian, Lucien"]
[Result "1-0"]
[WhiteElo "1581"]
[BlackElo "1288"]
[PlyCount "39"]
[EventDate "2015.04.11"]
[EventType "swiss"]
[EventRounds "9"]
[EventCountry "ESP"]
[Source "lmi"]
[SourceDate "2015.04.11"]

1. e4 e6 2. d4 d5 3. Nc3 Bb4 4. e5 c5 5. a3 cxd4 6. axb4 dxc3 7. Qg4 cxb2 8.
Bxb2 g6 9. Nf3 Qb6 10. Bd3 Nh6 11. Qh4 Nf5 12. Bxf5 exf5 13. e6 Qxe6+ 14. Kd2
g5 15. Qxg5 f6 16. Qh5+ Kd7 17. Rhe1 Qb6 18. Qf7+ Kc6 19. Nd4+ Kd6 20. Qe7# 1-0

[Event "I Open Blau Escacs Calvia 2015 "]
[Site "Calvià ESP"]
[Date "2015.04.14"]
[Round "4.1"]
[White "Seba, Kamel"]
[Black "Martins, David Pires Tavares"]
[Result "0-1"]
[WhiteElo "2266"]
[BlackElo "2293"]
[PlyCount "68"]
[EventDate "2015.04.11"]
[EventType "swiss"]
[EventRounds "9"]
[EventCountry "ESP"]
[Source "lmi"]
[SourceDate "2015.04.11"]

1. d4 e6 2. Nf3 f5 3. c4 Nf6 4. e3 c6 5. Bd3 d5 6. O-O Bd6 7. b3 Qe7 8. Nc3 Ne4
9. Bb2 Nd7 10. Qc2 O-O 11. Nd1 Rf6 12. Ne5 Rh6 13. f3 Qh4 14. fxe4 Qxh2+ 15.
Kf2 fxe4 16. Be2 Rg6 17. Ke1 Nxe5 18. dxe5 Be7 19. Kd2 Rxg2 20. Nc3 Bd7 21.
Rae1 Bh4 22. Rd1 d4 23. Qxe4 dxc3+ 24. Kxc3 Rxe2 25. Rxd7 Rxb2 26. Rh1 Be1+ 27.
Rxe1 Rxa2 28. Rb1 Rf8 29. Kb4 b6 30. Kc3 c5 31. Rdd1 a6 32. Rd7 b5 33. cxb5
axb5 34. Rd6 Rb8 0-1

[Event "I Open Blau Escacs Calvia 2015 "]
[Site "Calvià ESP"]
[Date "2015.04.14"]
[Round "4.2"]
[White "Cacho Reigadas, Sergio"]
[Black "Altschuler, Jason"]
[Result "1-0"]
[WhiteElo "2519"]
[BlackElo "2089"]
[PlyCount "61"]
[EventDate "2015.04.11"]
[EventType "swiss"]
[EventRounds "9"]
[EventCountry "ESP"]
[Source "lmi"]
[SourceDate "2015.04.11"]

1. d4 Nf6 2. Nf3 c5 3. d5 d6 4. Nc3 g6 5. e4 Bg7 6. h3 O-O 7. Bd3 Na6 8. O-O
Nc7 9. Re1 Rb8 10. a4 b6 11. Bc4 Nd7 12. Ra3 f6 13. Nb5 Ra8 14. a5 Nxb5 15.
Bxb5 a6 16. axb6 Qxb6 17. Bc6 Ra7 18. b3 Nb8 19. Ba4 f5 20. e5 dxe5 21. Nxe5
Bxe5 22. Rxe5 Qd6 23. Bb2 f4 24. Qf3 Bf5 25. Ra1 Nd7 26. Bxd7 Rxd7 27. Qc3 Rf6
28. Ra5 c4 29. bxc4 Rb7 30. c5 Qb8 31. Rxe7 1-0

[Event "I Open Blau Escacs Calvia 2015 "]
[Site "Calvià ESP"]
[Date "2015.04.14"]
[Round "4.3"]
[White "Rhein, Klaus"]
[Black "Kopylov, Michael"]
[Result "0-1"]
[WhiteElo "2208"]
[BlackElo "2441"]
[PlyCount "72"]
[EventDate "2015.04.11"]
[EventType "swiss"]
[EventRounds "9"]
[EventCountry "ESP"]
[Source "lmi"]
[SourceDate "2015.04.11"]

1. e4 Nf6 2. Nc3 d5 3. e5 Nfd7 4. f4 e6 5. Nf3 c5 6. g3 Nc6 7. Bg2 a6 8. a4 Qa5
9. O-O c4 10. d4 cxd3 11. cxd3 Nb4 12. d4 Nb8 13. Be3 N8c6 14. Qe2 Qb6 15. Rab1
Bd7 16. Rfc1 Be7 17. b3 Rc8 18. Nd1 O-O 19. Nf2 Na5 20. Qb2 Rxc1+ 21. Rxc1 Nbc6
22. Rb1 Rc8 23. Nd3 h6 24. Nd2 Nb4 25. Nc5 Rxc5 26. dxc5 Bxc5 27. Nf1 Bxe3+ 28.
Nxe3 Qxe3+ 29. Qf2 Qxf2+ 30. Kxf2 Nd3+ 31. Ke3 Nc5 32. b4 Nc4+ 33. Kd4 Nxa4 34.
f5 Nab6 35. fxe6 fxe6 36. Rf1 Nc8 0-1